Loading...
| Fine Arts - Classical Music and Opera | 5 | 10.00 | 80% | 20% | 0% |
| Fine Arts - Other Arts | 6 | 13.33 | 100% | 33% | 0% |
| Fine Arts - Painting and Sculpture | 8 | 15.00 | 88% | 63% | 0% |
| Geography | 2 | 20.00 | 100% | 100% | 0% |
| History - American History | 6 | 11.67 | 100% | 17% | 0% |
| History - European History | 7 | 17.14 | 100% | 57% | 14% |
| History - Other History | 6 | 15.00 | 100% | 50% | 0% |
| History - World History | 6 | 13.33 | 100% | 17% | 17% |
| Literature - American Literature | 7 | 15.71 | 86% | 57% | 14% |
| Literature - British Literature | 6 | 16.67 | 100% | 50% | 17% |
| Literature - European Literature | 4 | 10.00 | 75% | 25% | 0% |
| Literature - World Literature | 4 | 22.50 | 100% | 100% | 25% |
| Modern World | 3 | 13.33 | 67% | 67% | 0% |
| Mythology | 3 | 13.33 | 100% | 33% | 0% |
| Other Academic | 4 | 17.50 | 75% | 50% | 50% |
| Other Culture | 1 | 0.00 | 0% | 0% | 0% |
| Other Science (Astronomy) | 1 | 10.00 | 100% | 0% | 0% |
| Other Science (Computer Science) | 2 | 5.00 | 50% | 0% | 0% |
| Other Science (Earth Science) | 2 | 0.00 | 0% | 0% | 0% |
| Other Science (Math) | 2 | 5.00 | 50% | 0% | 0% |
| Other Science (Mixed/Any) | 1 | 10.00 | 100% | 0% | 0% |
| Philosophy | 4 | 15.00 | 100% | 25% | 25% |
| Religion | 7 | 12.86 | 86% | 43% | 0% |
| Science - Biology | 8 | 3.75 | 38% | 0% | 0% |
| Science - Chemistry | 6 | 5.00 | 50% | 0% | 0% |
| Science - Physics | 5 | 10.00 | 80% | 20% | 0% |
| Social Science | 6 | 18.33 | 100% | 50% | 33% |